Normal view MARC view

Entry Corporate Name

Number of records used in: 1

001 - CONTROL NUMBER

  • control field: 626993

003 - CONTROL NUMBER IDENTIFIER

  • control field: OSt

005 - DATE AND TIME OF LATEST TRANSACTION

  • control field: 20221005115022.0

008 - FIXED-LENGTH DATA ELEMENTS

  • fixed length control field: 221005|| aca||aabn | a|a d

040 ## - CATALOGING SOURCE

  • Original cataloging agency: OSt
  • Transcribing agency: OSt

110 ## - HEADING--CORPORATE NAME

  • Corporate name or jurisdiction name as entry element: Centre for east asian cultural studies. (Tokyo)

670 ## - SOURCE DATA FOUND

  • Source citation: Work cat.: (OSt)1033189: Goto Kimpei Ed. 626992, Bibliography of bibliographies of East Asian Studies in Japan. Ed. by Kimpei Goto., 1964
Copyright @ Delhi University Library System